I Spy Challenge III Quiz Stats

 Plays Quiz Updated Mar 11, 2021

Support Sporcle.
Go Orange.
Score 0/20 Timer 04:00
0 Plays Today
% Correct
Tennis Ball
95.2%
Dollar Bill
95.1%
Glue
94.8%
Scissors
94.8%
Glasses
94.2%
Spoon
93.6%
Red Pen
92.9%
Domino
92.6%
Mitten
91.3%
Battery
90.8%
% Correct
Toy Car
87.7%
Tooth Brush
86.8%
Clothes Pin
84.3%
White Crayon
83.9%
Starburst
83.4%
Ornament
79.4%
Tape Dispenser
78.2%
Trapezoid
69.1%
The Number '65'
63.6%
'X'
16.8%

You're not logged in!

Compare scores with friends on all Sporcle quizzes.
OR
Log In

From the Vault

Hollywood Squares VIII

by big8dog88

We find our day gets a little better when it has some Jeff Goldblum in it.
Remove Ads.
Support Sporcle.
Get the best of Sporcle when you Go Orange. This ad-free experience offers more features, more stats, and more fun while also helping to support Sporcle. Thank you for becoming a member.

Show Comments

Extras

Top Quizzes Today


Score Distribution

Your Account Isn't Verified!

In order to create a playlist on Sporcle, you need to verify the email address you used during registration. Go to your Sporcle Settings to finish the process.

Report this User

Report this user for behavior that violates our Community Guidelines.

Details: